000 00741nam a2200217Ia 4500
008 241023s9999||||xx |||||||||||||| ||und||
020 _a0801629624 (pbk.)
020 _a9780801629624 (pbk.)
060 _aWO 500
_b.F86 1989
245 0 _aFundamentals of surgery /
_c[edited by] Richard D. Liechty, Robert T. Soper.
250 _a6th ed.
260 _aSt. Louis :
_bMosby,
_c1989
300 _axiv, 648 p. :
_bill.
500 _aRev. ed. of: Synopsis of surgery / Richard D. Liechty, Robert T. Soper. 5th ed. 1985.
504 _aIncludes bibliographical references.
650 _aSurgical Procedures, Operative
700 _aLiechty, Richard D.,
700 _aLiechty, Richard D.,
700 _aSoper, Robert T.,
942 _bDMC
_cBK
999 _c15753
_d15753